Регионална библиотека "Любен Каравелов" - Русе

Многочисленност на населените небесни светове (Запис номер 390053)

MARC детайли
000 -Лидер
Контролно поле с фиксирана дължина nam a22 a 4500
003 - Код на организацията, давaща контролен номер
Контролно поле BLK
005 - Дата и час на последна редакция
Контролно поле 20201014151816.0
008 - Елементи от данни с фиксирана дължина
fixed length control field 200310b bul|||||r ||||||| ||bul||
010 ## - Наследен системен номер
LC control number KNG00023182RET
040 ## - Източник на каталожния запис
Идентификатор на билиотеката - собственик на записа BLK
041 ## - Код за език
Код за езика на текст/звукозапис или на отделно заглавие Български
Код за езика КДБФ Български
080 ## - УДК
Текстов определител УДК Астрономия. Астрофизика. Космология. Геодезия
УДК код - определител по УДК 52
УДК - код + определител 52
100 ## - Редна дума - Автор
Автор Фламарион, Камил
Авторска отговорност първи автор
R(LIN) 1299
139 ## - Редно поле
Редна дума Фламарион, Камил
245 10 - Сведения за заглавието
Заглавие Многочисленност на населените небесни светове
Подзаглавни данни Етюд (в когото се излагат условията за обитаемостта на небесните тела от астрон., физиол. и филос. гледни точки)
Редно поле (дума) Камил Фламарион; Прев. от рус. Л.; Лазаров; подпоручик Лазаров; Камий Фламарион.
257 ## - Страна на издаване
Страна на създаване/издаване България
260 ## - Област на издателските данни
Място на издаване, разпространение и проч. Ямбол
Име на издателя, разпространителя и проч. Г. Х.
Година на издаване 1897
Печатница Ямбол : Светлина
9 (RLIN) 435233
300 ## - Физическа характеристика
Страници XVII, 332 с., 1 отд. л.
Илюстрации и др. сх.
Размери/Мащаб 25 см
380 ## - Жанр
Жанр Естествени науки. Математика
490 ## - СЕРИИ (Колекции)
9 (RLIN) 435080
Име на серия Колекция Редки и ценни издания
500 ## - Общи забележки
Забележка Пълното име на прев. подпоручик Лазаров. (Цена в кумул.) : 3.50 лв.
653 #7 - Ключова дума – ненормативна
Ключова дума небесни тела
9 (RLIN) 191943
700 ## - Други автори (авторска отговорност)
Лично име Л.
Автороска отговорност (Описва отношението между автора и произведението) прев. от рус.
9 (RLIN) 1121
700 1# - Други автори (авторска отговорност)
Лично име Лазаров
9 (RLIN) 435234
700 1# - Други автори (авторска отговорност)
Лично име Лазаров, подпоручик
9 (RLIN) 435235
700 1# - Други автори (авторска отговорност)
Лично име Фламарион, Камий
9 (RLIN) 435236
852 ## - Местоположение
Форматна сигнатура Рб 897
Фондова буква Редки и ценни
856 4# - Електронен адрес и достъп
Електронен формат pdf - файл
Път до файла /url/
999 ## - СИСТЕМНИ КОНТРОЛНИ НОМЕРА
Koha biblionumber 390053
Koha biblioitemnumber 390053
942 ## - АРТИКУЛИ
Вид на библиотечния материал Книги
Скрит в OPAC Не
Периодичен библиозапис Да
944 ## - СЪЗДАВАНЕ И РЕДАКЦИЯ на ЗАПИСА
Създаване/Редакция Създаване
Дата на регистрацията/редакция 2020-10-14
Служител, извършил регистрацията/редакцията Ренета Константинова
999 ## - СИСТЕМНИ КОНТРОЛНИ НОМЕРА
Koha biblioitemnumber 360751
Наличности
Код за отписване Код за изгубен артикул Източник на класификационната схема Код за повреда Коз за рестрикции Код за отдаване Артикулен № Име на библиотеката - собственик Име на библиотеката, в която се намира в момента Статус (Текущо местоположение) Дата на вписване в системата Местоположение - отдел Цена в лева Систематично азбучна сигнатура Баркод Цена в евро Служебен тип на артикула
  Не е изгубен Universal Decimal Classification Не е повреден само за читалня Специални фондове ( старопечатни, редки и ценни, фонд М. Арнаудов) 804766 Регионална библиотека "Любен Каравелов" Русе Регионална библиотека "Любен Каравелов" Русе Редки и ценни 2020-11-05 Редки и ценни 13.00 Рб 897 120000849543 6.65 Книги
Vip Innovations Ltd, Rousse, Bulgaria 2025